<?xml version="1.0" encoding="UTF-8"?>
<marc:record xmlns:marc="http://www.loc.gov/MARC21/slim">
   <marc:leader>00000nam a2200000 a 4500</marc:leader>
   <marc:datafield ind1="1" ind2=" " tag="100">
      <marc:subfield code="a">Engel, Sabine</marc:subfield>
      <marc:subfield code="4">aut</marc:subfield>
      <marc:subfield code="e">Verfasser/-in</marc:subfield>
   </marc:datafield>
   <marc:datafield ind1=" " ind2=" " tag="653">
      <marc:subfield code="a">Alter</marc:subfield>
   </marc:datafield>
   <marc:datafield ind1=" " ind2=" " tag="653">
      <marc:subfield code="a">Demenz</marc:subfield>
   </marc:datafield>
   <marc:datafield ind1=" " ind2=" " tag="653">
      <marc:subfield code="a">Pflege</marc:subfield>
   </marc:datafield>
   <marc:datafield ind1=" " ind2=" " tag="653">
      <marc:subfield code="a">Alzheimer</marc:subfield>
   </marc:datafield>
   <marc:datafield ind1=" " ind2=" " tag="653">
      <marc:subfield code="a">Krankheit &lt;Alzheimer&gt;</marc:subfield>
   </marc:datafield>
   <marc:datafield ind1="0" ind2="0" tag="245">
      <marc:subfield code="a">Alzheimer und Demenzen</marc:subfield>
   </marc:datafield>
   <marc:datafield ind1="0" ind2="0" tag="245">
      <marc:subfield code="b">die Methode der einfühlsamen Kommunikation ; Unterstützung und Anleitung für Angehörige - auch auf DVD</marc:subfield>
   </marc:datafield>
   <marc:datafield ind1=" " ind2="1" tag="264">
      <marc:subfield code="b">Trias</marc:subfield>
      <marc:subfield code="c">2012</marc:subfield>
   </marc:datafield>
   <marc:datafield ind1="1" ind2=" " tag="520">
      <marc:subfield code="a">Krankheitszeichen, Behandlungsmöglichkeiten und detaillierte Verhaltensempfehlungen für Angehörige. Die am Gedächtniszentrum der Uni Erlangen wirkende Psychogerontologin beschreibt zunächst die für das Verständnis des Pflegenden wichtigen Krankheitszeichen von Demenzen, deren medizinische Behandlungsmöglichkeiten, die allesamt auf eine Verlangsamung des Krankheitsgeschehens und auf Linderung der Begleit- und Folgeerscheinungen hinauslaufen. Daran schließen sich sehr detaillierte Vehaltensempfehlungen bei diversen Ausfallerscheinungen (Denk-, Sprach- und Orientierungsstörungen, Inkontinenz, Rechthaberei) an, um dann ein von Empathie getragenes Kommunikationsverhalten zu empfehlen: u.a. Vermeidung von Druck und Zwang, Einbindung des Kranken in tägliche Aufgaben, Stärkung seines Selbstwertgefühls. Abschließendes Kapitel zu "Wo finde ich Hilfe?". Etwa in Angehörigenberatungsstellen, die beim Ausfüllen von Anträgen (Versorgungsvollmacht) Hilfe leisten. Einer der besten Ratgeber neben dem "Handbuch der Betreuung und Pflege von Alzheimer-Patienten" 
</marc:subfield>
   </marc:datafield>
   <marc:datafield ind1=" " ind2=" " tag="020">
      <marc:subfield code="a">9783830439837</marc:subfield>
      <marc:subfield code="9">9783830439837</marc:subfield>
   </marc:datafield>
</marc:record>
